| 000 | 00775nam a2200265Ia 4500 | ||
|---|---|---|---|
| 001 | Para_4894 | ||
| 003 | CHAP | ||
| 008 | 220125s1928 xx 000 0 und d | ||
| 010 | _a201867 | ||
| 040 | _cCHAP | ||
| 090 | _aPA FOLLETO 2889 | ||
| 100 |
_aSnapp, Oliver I _9107212 |
||
| 245 |
_aInsects attacking the peach in the south and how to control them / _c Oliver I. Snapp |
||
| 260 |
_aWashington : _b Department of Agriculture |
||
| 300 | _a42 p. | ||
| 440 |
_aEUA. Dept. Agr. Farmers Bull; 1557 _9166830 |
||
| 650 |
_aDurazno _x Plagas Control de plagas _9166831 |
||
| 901 | _aPA FOLLETO 2889 | ||
| 902 | _aA | ||
| 905 | _a0000001928 WAS 0000000000 00 | ||
| 910 | _a1928 | ||
| 942 | _cPARA | ||
| 942 |
_cPARA _d1 |
||
| 999 |
_c201867 _d201867 |
||